| 000 | 00783nam a22002177a 4500 | ||
|---|---|---|---|
| 003 | LK-CoDNM | ||
| 005 | 20241018110151.0 | ||
| 008 | 241015b |||||||| |||| 00| 0 eng d | ||
| 040 |
_aLK-CoDNM _dLK-CoDNM _eLK-CoDNM |
||
| 041 |
_aeng _hSinhala |
||
| 080 |
_aප්ර.ද _b13.3 |
||
| 245 |
_aදින දින මාසික සගරාව- 1956 _b4 කාණ්ඩය 22 කලාපය |
||
| 260 |
_aකොළඹ _bදිනමිණ මුද්රණාලය _c1956 |
||
| 300 | _b40p. : ill ; 25 cm | ||
| 650 | _aදින දින මාසික සගරාව- 1956 | ||
| 650 | _aදිනමිණ මුද්රණාලය | ||
| 650 | _a4 කාණ්ඩය 22 කලාපය | ||
| 650 | _aප්ර.ද 13.3 | ||
| 650 | _a1956 | ||
| 942 | _cBK | ||
| 999 |
_c220048 _d220048 |
||